书目信息 |
| 题名: |
卡尔·马克思
|
|
| 作者: | 阿塔利 著 ;刘成富 , 陈钥 , 陈蕊 译 | |
| 分册: | ||
| 出版信息: | 上海 上海人民出版社 2010 |
|
| 页数: | 348页 | |
| 开本: | 24cm | |
| 丛书名: | 走近大思想家 | |
| 单 册: | ||
| 中图分类: | A711 | |
| 科图分类: | ||
| 主题词: | ||
| 电子资源: | ||
| ISBN: | 978-7-208-09764-3 | |
| 000 | 01106oam2 2200313 45 | |
| 001 | 1133604156 | |
| 005 | 20110411165628.12 | |
| 010 | @a978-7-208-09764-3@dCNY42.00 | |
| 100 | @a20110406d2010 em y0chiy0120 ea | |
| 101 | 1 | @achi@cfre |
| 102 | @aCN@b310000 | |
| 105 | @ay z 000yb | |
| 106 | @ar | |
| 200 | 1 | @a卡尔·马克思@AKa Er· Ma Ke Si@dKarl Marx@f(法)雅克·阿塔利(Attali Jacques)著@F( Fa ) Ya Ke· A Ta Li (Attali Jacques) Zhu@g刘成富,陈钥,陈蕊译@zeng |
| 210 | @a上海@c上海人民出版社@d2010 | |
| 215 | @a348页@d24cm | |
| 225 | 2 | @a走近大思想家 |
| 330 | @a本书介绍了马克思伟大的一生,并以历史时间为纵线,论述了马克思的思想和理论的形成过程。 | |
| 461 | 0 | @12001@@a走近大思想家 |
| 510 | 1 | @aKarl Marx@zeng |
| 600 | 1 | @a马克思@g(Marx, Karl Heinrich@f1818-1883)@x传记 |
| 600 | 1 | @a马克思@g(Marx, Karl Heinrich@f1818-1883) |
| 690 | @aA711@v4 | |
| 701 | 1 | @c(法)@a阿塔利@AA Ta Li@g(Attali, Jacques)@4著 |
| 702 | 0 | @a刘成富@ALiu Cheng Fu@4译 |
| 702 | 0 | @a陈钥@AChen Yue@4译 |
| 702 | 0 | @a陈蕊@AChen Rui@4译 |
| 801 | 0 | @aCN@bTANGWEI@c20110411 |
| 905 | @b0535197-201@dA711@e200@f5 | |
| 卡尔·马克思=Karl Marx/(法)雅克·阿塔利(Attali Jacques)著/刘成富,陈钥,陈蕊译.-上海:上海人民出版社,2010 |
| 348页;24cm.-(走近大思想家) |
| ISBN 978-7-208-09764-3:CNY42.00 |
| 本书介绍了马克思伟大的一生,并以历史时间为纵线,论述了马克思的思想和理论的形成过程。 |
| ● |
| 相关链接 |
|
|
|
|
正题名:卡尔·马克思
索取号:A711/200
 
预约/预借
| 序号 | 登录号 | 条形码 | 馆藏地/架位号 | 状态 | 备注 |
| 1 | 0535197 | 205351974 | 第一样本阅览室/ [索取号:A711/200] | 在馆 | |
| 2 | 0535198 | 205351983 | 第一借阅区/ [索取号:A711/200] | 在馆 | |
| 3 | 0535199 | 205351992 | 第一借阅区/ [索取号:A711/200] |
已借出,限还日期为2025.11.27 借出人:李斌 |
|
| 4 | 0535200 | 205352009 | 第一借阅区/ [索取号:A711/200] | 在馆 | |
| 5 | 0535201 | 205352018 | 第一借阅区/ [索取号:A711/200] | 在馆 |